Pyton (Registro nro. 33732)

Detalles MARC
000 -Líder
campo de control de longitud fija 01019 a2200253 4500
005 - Fecha y Hora de Actualización
campo de control 20240809130239.0
008 - Longitud Fija
campo de control de longitud fija 220322s mx r 000 spa d
020 ## - International Standard Book Number
ISBN 978-607-622-673-5
035 ## - Número de Control del Sistema
Número de control de sistema 21275
040 ## - Fuente de Catalogación
Centro catalogador/agencia de origen Uniagraria
Lengua de catalogación Español
Normas de descripción rda
100 1# - Entrada Principal -- Nombre de Persona
Nombre de persona Cervantes Villagómez, Ofelia
245 10 - Título Propiamente Dicho
Título Pyton
Subtítulo Con aplicaciones a las matemáticas, ingeniería y finanzas
264 ## - Producción, Publicación, Distribución, Fabricación y Copyright
Producción, publicación, distribución, fabricación y copyright México
Nombre del de productor, editor, distribuidor, fabricante Alfaomega
Fecha de producción, publicación, distribución, fabricación o copyright 2017
300 ## - Descripción Física
Extensión 452 Páginas
Otras características físicas ilustraciones
Dimensiones 17x23 cm
336 ## - Tipo de Contenido
Término de tipo de contenido texto
Código de tipo de contenido texto
Fuente rdacontent
337 ## - Tipo de Medio
Nombre/término del tipo de medio no mediado
Código del tipo de medio no mediado
Fuente rdamedia
338 ## - Tipo de Portador
Nombre/término del tipo de soporte volumen
Código del tipo de soporte volumen
Fuente rdacarrier
505 0# - Nota de Contenido
Nota de contenido con formato Introducción. Cap.1 Fundamentos de algoritmos y de python. Cap.2 Condiciones. Cap.3 Ciclos de python. Cap.4 Cadenas, listas, diccionarios y tuplas. Cap.5 Arreglos II: matrices. Cap.6 Subalgoritmos. Cap.7 Traficación en Python. Cap.8
598 ## - Programas Académicos
Programas Académicos
700 1# - Entrada secundaria -- Nombre personal
Nombre de persona Baez Lopez, David; Arizaga Silva, Antonio; Castillo Juarez Esteban
082 04 - Número de Clasificación Decimal Dewey
Número de clasificación 005.133/C379
650 #4 - Punto de Acceso Adicional -- Materia general
Término de materia o nombre geográfico como elemento de entrada Algoritmos
650 #4 - Punto de Acceso Adicional -- Materia general
Término de materia o nombre geográfico como elemento de entrada Informatica
Existencias
Estatus retirado Estado de pérdida Estado de daño No para préstamo Colección Biblioteca de origen Biblioteca actual Fecha de adquisición Forma de adquisición Total de préstamos Signatura topográfica completa Código de barras Visto por última vez Fecha del último préstamo Copia número Precio de reemplazo Tipo de ítem Koha Programa académico
        General Biblioteca Uniagraria Biblioteca Uniagraria 16/02/2022 Compra 1 005.133/C379 0100025530 25/11/2025 25/02/2025 Ej. 1 09/08/2024 Libro general 90
        General Biblioteca Uniagraria Biblioteca Uniagraria 16/02/2022 Compra 2 005.133/C379 0100025531 08/10/2025 08/10/2025 Ej. 2 09/08/2024 Libro general 90